00700cam a2200193 a 4500001000800000005001700008008004100025010001700066020002200083050002100105100002300126245011000149250001200259260005600271300003900327504005100366650006100417700002800478400155720170213100536.0961204s1997 txuab b 001 0 eng  a 96076310  a0155030264 (pbk.)00aHF1359 .L35 19971 aLairson, Thomas D.10aInternational political economy :bthe struggle for power and wealth /cThomas D. Larson, David Skidmore. a2nd ed. aFort Worth, TX :bHarcourt Brace & Company,cc1997. axii, 456 p. :bill., map ;c24 cm. aIncludes bibliographical references and index. 0aInternational economic relationsxHistoryy20th century.1 aSkidmore, David,d1958-